[Event "5th IECC"]
[Site "Antalya TUR"]
[Date "2004.05.17"]
[Round "3"]
[White "Ivanchuk,V"]
[Black "Akesson,R"]
[Result "1-0"]
[WhiteElo "2716"]
[BlackElo "2476"]

1.d4 Nf6 2.c4 g6 3.f3 d5 4.cxd5 Nxd5 5.e4 Nb6 6.Nc3 Bg7 7.Be3 O-O 8.Qd2 e5
9.d5 c6 10.h4 h5 11.g4 cxd5 12.exd5 N8d7 13.gxh5 Nf6 14.hxg6 fxg6 15.Nh3 Nfxd5
16.Nxd5 Qxd5 17.Qxd5+ Nxd5 18.Bc4 Be6 19.Ng5 Nxe3 20.Bxe6+ Kh8 21.Kf2 Nf5
22.h5 Bh6 23.hxg6 Kg7 24.Nf7 Be3+ 25.Ke2 Ng3+ 26.Kxe3 Nxh1 27.Rxh1 Kxg6 28.Nd6 Rf6
29.Rg1+ Kh7 30.Ne4 Rh6 31.Rg4 Rh2 32.b4 Rf8 33.Bb3 Kh6 34.Nd6 Kh5 35.Re4 b6
36.Rxe5+ Kh4 37.Re7  1-0

[Event "5th IECC"]
[Site "Antalya TUR"]
[Date "2004.05.20"]
[Round "5"]
[White "Ivanchuk,V"]
[Black "Navara,D"]
[Result "1/2-1/2"]
[WhiteElo "2716"]
[BlackElo "2602"]

1.d4 Nf6 2.c4 e6 3.Nc3 Bb4 4.Qc2 O-O 5.e4 d5 6.e5 Ne4 7.a3 Bxc3+ 8.bxc3 c5
9.Bd3 cxd4 10.cxd4 Nc6 11.Ne2 Qa5+ 12.Kf1 Nb4 13.axb4 Qxa1 14.f3 f5 15.Qb1 Qa4
16.Ke1 a5 17.fxe4 fxe4 18.Bc2 Qxb4+ 19.Qxb4 axb4 20.cxd5 exd5 21.Bb3 Be6
22.Rf1 Rxf1+ 23.Kxf1 Ra1 24.Kf2 Kf7 25.h3 Rb1 26.Ba2 Ra1 27.Bb3 Rb1 28.Bc2 Ra1
29.Ke3 g5 30.Bb3 Rb1 31.Ba2 Ra1 32.Bb3 Rb1 33.Bc2 Ra1 34.Kd2 Bd7 35.Bb3 Ke6
36.Kc2 Bb5 37.Kb2 Ra3 38.Nc3 Rxb3+ 39.Kxb3 bxc3 40.Bxg5 Bf1 41.Kxc3 Bxg2
42.h4 Kd7 43.Kb4 Kc6 44.e6 Bh3 45.e7 Bd7 46.Ka5 b6+ 47.Ka6 b5 48.Ka5 Kd6
49.Kb4 Be8 50.Kc3 Ke6 51.Kb4 Kd6 52.Kc3 h6 53.Bxh6 Kxe7 54.Kb4 Kd6 55.Bc1 Kc6
56.Kc3 Bh5 57.Kb4 Be2 58.Be3 Kd6 59.h5  1/2-1/2

[Event "5th IECC"]
[Site "Antalya TUR"]
[Date "2004.05.25"]
[Round "10"]
[White "Istratescu,A"]
[Black "Ivanchuk,V"]
[Result "1/2-1/2"]
[WhiteElo "2587"]
[BlackElo "2716"]

1.d4 Nf6 2.c4 e6 3.Nf3 d5 4.Nc3 Bb4 5.cxd5 exd5 6.Bg5 Nbd7 7.e3 c5 8.Bb5 Qa5
9.Bxd7+ Nxd7 10.O-O Bxc3 11.bxc3 O-O 12.Qc2 cxd4 13.cxd4 Nb6 14.Qc5 Nc4 15.Rfc1  1/2-1/2

[Event "73rd ch-UKR"]
[Site "Kharkiv UKR"]
[Date "2004.08.24"]
[Round "1.1"]
[White "Ivanchuk,V"]
[Black "Shkuran,D"]
[Result "1-0"]
[WhiteElo "2715"]
[BlackElo "2390"]

1.d4 d5 2.c4 c6 3.Nf3 Nf6 4.Nc3 dxc4 5.a4 e6 6.e3 Bb4 7.Bxc4 Qa5 8.Qb3 O-O
9.O-O Nbd7 10.Rd1 h6 11.h3 Qb6 12.Qc2 Qc7 13.Bd2 Be7 14.Rac1 a6 15.Ba2 c5
16.Bb1 Qb8 17.a5 b5 18.axb6 cxd4 19.Nxd4 Bb7 20.Na4 Rc8 21.Qd3 Qe5 22.Qe2 Bd8
23.f4 Qd5 24.Bc3 Qc4 25.Qxc4 Rxc4 26.b3 Rcc8 27.Ba5 Rab8 28.Rc7 Bxc7 29.bxc7 Ra8
30.e4 Kf8 31.Nf3 Ke8 32.Nd2 Bc6 33.Nc4 Kf8 34.Nd6 Ne8 35.Nxc8 Rxc8 36.Rc1 Bb7
37.e5 f6 38.Rd1 Bc6 39.Be4 Bb5 40.Nc5  1-0

[Event "36th Olympiad"]
[Site "Calvia ESP"]
[Date "2004.10.17"]
[Round "2"]
[White "Moreno Carnero,J"]
[Black "Ivanchuk,V"]
[Result "0-1"]
[WhiteElo "2512"]
[BlackElo "2705"]

1.e4 e6 2.d4 d5 3.Nc3 Bb4 4.exd5 exd5 5.Bd3 c6 6.Qf3 Qf6 7.Bf4 Ne7 8.Qg3 Nd7
9.Ne2 O-O 10.O-O-O Ng6 11.Bg5 Qd6 12.Qxd6 Bxd6 13.h4 h6 14.Bd2 Nf6 15.h5 Ne7
16.f3 Bf5 17.Bxf5 Nxf5 18.g4 Ng3 19.Nxg3 Bxg3 20.Ne2 Bd6 21.Rdg1 Rae8 22.Kd1 Nh7
23.Ng3 Bxg3 24.Rxg3 Re6 25.Re1 Rfe8 26.Rgg1 Rxe1+ 27.Rxe1 Rxe1+ 28.Kxe1 f5
29.gxf5 Kf7 30.Bf4 Kf6 31.Be5+ Kxf5 32.Bxg7 Kg5 33.Be5 Kxh5 34.Bb8 a6 35.Kf2 Ng5
36.Kg3 Ne6 37.c3 Kg5 38.Bd6 Kf5 39.a4 b6 40.b4 h5 41.Kf2 h4 42.Be7 h3 43.Bd6 Nf4
44.Kg3 Ne2+ 45.Kxh3 Nxc3 46.Kg3 Nxa4 47.Bc7 Ke6 48.Kf2 Kd7 49.Bf4 Nc3 50.Ke3 Na2  0-1

[Event "36th Olympiad"]
[Site "Calvia ESP"]
[Date "2004.10.23"]
[Round "8"]
[White "Georgiev,Ki"]
[Black "Ivanchuk,V"]
[Result "1/2-1/2"]
[WhiteElo "2625"]
[BlackElo "2705"]

1.d4 Nf6 2.Nf3 e6 3.c4 b6 4.g3 Ba6 5.b3 Bb4+ 6.Bd2 Be7 7.Bg2 c6 8.Bc3 d5
9.Nbd2 Nbd7 10.O-O O-O 11.Re1 c5 12.e4 dxe4 13.Nxe4 Bb7 14.Nfg5 cxd4 15.Bxd4 Nxe4
16.Nxe4 Qc7 17.Qe2 Rfd8 18.Rad1 Nf8 19.Bb2 Rxd1 20.Rxd1 Rd8 21.h4 Rxd1+ 22.Qxd1 Nd7
23.Qe2  1/2-1/2

[Event "36th Olympiad"]
[Site "Calvia ESP"]
[Date "2004.10.24"]
[Round "9"]
[White "Ivanchuk,V"]
[Black "Akopian,Vl"]
[Result "1/2-1/2"]
[WhiteElo "2705"]
[BlackElo "2692"]

1.e4 e5 2.Nf3 Nc6 3.Bb5 a6 4.Ba4 Nf6 5.O-O Be7 6.Re1 b5 7.Bb3 d6 8.c3 O-O
9.a3 Na5 10.Bc2 c5 11.d4 cxd4 12.cxd4 Bg4 13.dxe5 Bxf3 14.Qxf3 dxe5 15.Nc3 Nc6
16.Be3 Nd4 17.Bxd4 Qxd4 18.Bb3 Qb6 19.Red1 Bc5 20.Rac1 Bd4 21.Nd5 Nxd5 22.Bxd5 Rac8
23.Qxf7+ Kh8 24.Rxc8 Rxc8 25.Be6 Rd8 26.g3 Qd6 27.Rd2 Qc6 28.Rd3 Qe8 29.Rf3 Qxf7
30.Rxf7 Bxb2 31.Ra7 Bxa3 32.Rxa6 Bc5 33.Kg2 g6 34.Rc6 Bd4 35.Rc7 Rf8 36.f3 b4
37.h4 Rb8 38.Bb3 h5 39.f4 exf4 40.gxf4 Rf8 41.e5 Rxf4 42.e6 Bf6 43.e7 Bxe7
44.Rxe7 Rxh4 45.Rb7 Rd4 46.Kf2 Rd3 47.Rxb4 Kg7 48.Rb5 Rd6 49.Bd5 Rf6+ 50.Ke3 Kh6
51.Rb8 Kg5 52.Be4 Kh6 53.Kd4 Rd6+ 54.Ke5 Ra6 55.Rb2 Kg7 56.Bd3 Rc6 57.Rb8 Rc5+
58.Kf4 Rc6 59.Rd8 Kh6 60.Rd7 Rf6+ 61.Ke5 Rb6 62.Be4 Kg5 63.Rd1 Kh6 64.Rf1 Ra6
65.Rf8 Kg5 66.Rg8 Ra5+ 67.Bd5 Ra6 68.Rg7 Rb6  1/2-1/2

[Event "Petrosian Mem Open"]
[Site "Yerevan ARM"]
[Date "2004.11.19"]
[Round "1"]
[White "Akopian,G"]
[Black "Ivanchuk,V"]
[Result "0-1"]
[WhiteElo "2235"]
[BlackElo "2705"]

1.e4 c6 2.d4 d5 3.Nc3 dxe4 4.Nxe4 Bf5 5.Ng3 Bg6 6.Nf3 Nf6 7.Bc4 Nbd7 8.Qe2 e6
9.Bb3 a5 10.a4 Be7 11.O-O O-O 12.Nh4 Qb6 13.Nxg6 hxg6 14.Be3 Nd5 15.Bxd5 exd5
16.Qd3 Rae8 17.Ne2 Bd6 18.b3 Nf6 19.h3 Qc7 20.c4 Qd7 21.c5 Bc7 22.Rfe1 Re6
23.Nc3 Rfe8 24.Bd2 g5 25.Rxe6 Qxe6 26.Kf1 Bf4 27.Bxf4 gxf4 28.Ne2 g5 29.Ng1 Ne4
30.Nf3 g4 31.hxg4 Qxg4 32.Kg1 Qh5 33.Nh2 Nxf2 34.Qd2 Ng4 35.Nxg4 Qxg4 36.Re1 Rxe1+
37.Qxe1 f3 38.Qe8+ Kg7 39.Qe5+ f6 40.Qe7+ Kg6 41.Qe8+ Kf5 42.Qd7+ Kf4 43.Qd6+ Ke3
44.Qe7+ Kd2  0-1

[Event "Petrosian Mem Open"]
[Site "Yerevan ARM"]
[Date "2004.11.22"]
[Round "4"]
[White "Ivanchuk,V"]
[Black "Kotanjian,T"]
[Result "1-0"]
[WhiteElo "2705"]
[BlackElo "2472"]

1.d4 d5 2.c4 c6 3.Nf3 Nf6 4.e3 a6 5.Be2 Bg4 6.h3 Bh5 7.Qb3 Qc7 8.cxd5 cxd5
9.Bd2 e6 10.Ne5 Bxe2 11.Kxe2 Nc6 12.Rc1 Be7 13.Nc3 Nd7 14.Nxd7 Qxd7 15.Na4 Rd8
16.Kf1 O-O 17.Kg1 f5 18.Nc5 Bxc5 19.Rxc5 f4 20.exf4 Nxd4 21.Qd3 Nc6 22.Re1 Qd6
23.Rcc1 Rde8 24.Re2 e5 25.Rce1 Rf6 26.fxe5 Rxe5 27.Rxe5 Nxe5 28.Qb3 Rf7 29.Bb4 Qb6
30.Kh1 a5 31.Rxe5 Qxb4 32.Re8+ Rf8 33.Qxd5+  1-0

[Event "Petrosian Mem Open"]
[Site "Yerevan ARM"]
[Date "2004.11.24"]
[Round "6"]
[White "Izoria,Z"]
[Black "Ivanchuk,V"]
[Result "1/2-1/2"]
[WhiteElo "2600"]
[BlackElo "2705"]

1.d4 Nf6 2.Nf3 g6 3.c4 Bg7 4.g3 c6 5.Nc3 d5 6.cxd5 cxd5 7.Ne5 Nfd7 8.Nxd7 Bxd7
9.Bg2 e6 10.O-O O-O 11.b3 Nc6 12.e3 Qa5 13.Bd2 Qa6 14.Re1 Rfc8 15.Bf1 Qa3
16.Bc1 Qa5 17.Bd2 Nxd4 18.b4 Qa3 19.exd4 Rxc3 20.Bxc3 Qxc3 21.Rc1 Qxb4 22.Rb1 Qxd4
23.Rxb7 Bc6 24.Rb1 Qxd1 25.Rexd1 Bc3 26.Bb5 Bb7 27.Bd7 Ba6 28.Bb5 Bb7 29.Bd7  1/2-1/2

[Event "Petrosian Mem Open"]
[Site "Yerevan ARM"]
[Date "2004.11.26"]
[Round "8"]
[White "Smirnov,P"]
[Black "Ivanchuk,V"]
[Result "1-0"]
[WhiteElo "2626"]
[BlackElo "2705"]

1.e4 e5 2.Nf3 Nf6 3.Nxe5 d6 4.Nf3 Nxe4 5.d4 d5 6.Bd3 Nc6 7.O-O Be7 8.Re1 Bg4
9.c3 f5 10.Qb3 O-O 11.Nbd2 Na5 12.Qc2 Bd6 13.Ne5 Bxe5 14.dxe5 Qh4 15.Rf1 Nc6
16.f4 Qe7 17.Nf3 Qc5+ 18.Kh1 Rad8 19.Rb1 a5 20.a3 d4 21.cxd4 Nxd4 22.Qxc5 Nxc5
23.Bc4+ Kh8 24.Be3 Bxf3 25.gxf3 Ncb3 26.e6 Rfe8 27.Rbd1 b5 28.Bxb3 Nxb3 29.Rd7 Rc8
30.e7 Kg8 31.Bf2 Kf7 32.Re1 c5 33.Re5 g6 34.Bh4 Nd4 35.Kg2 h6 36.Rd6 b4 37.a4 Rg8
38.Rf6+ Ke8 39.Ra6 g5 40.fxg5 hxg5 41.Bf2 Nb3 42.Rxf5 Kxe7 43.Be3 Ra8 44.Rh6 Raf8
45.Bxg5+ Kd7 46.Rd5+ Kc7 47.Kf2 c4 48.Bf6 Rf7 49.Rb5 Rc8 50.Be5+ Kd7 51.Rb7+ Ke8
52.Rh8+ Rf8 53.Rhh7 Nc5 54.Rbe7+ Kd8 55.Bc7+ Rxc7 56.Rxc7 Ne4+ 57.Ke3 Nf6
58.Rhf7  1-0

[Event "Petrosian Mem Open"]
[Site "Yerevan ARM"]
[Date "2004.11.27"]
[Round "9"]
[White "Ivanchuk,V"]
[Black "Frolyanov,D"]
[Result "1-0"]
[WhiteElo "2705"]
[BlackElo "2486"]

1.e4 e5 2.Nf3 Nf6 3.Nxe5 d6 4.Nf3 Nxe4 5.d4 d5 6.Bd3 Bd6 7.O-O O-O 8.c4 c6
9.Re1 Bf5 10.Qc2 Nd7 11.Nc3 Ndf6 12.Ne5 Bg6 13.Nxg6 fxg6 14.Bxe4 Bxh2+ 15.Kxh2 Ng4+
16.Kg3 Rxf2 17.Re2 Rf1 18.Nxd5 cxd5 19.Bxd5+ Kh8 20.Kxg4 Rh1 21.Qe4 Rh4+
22.Kg3 Rxe4 23.Rxe4 g5 24.Bd2 Qf6 25.Rae1 Rf8 26.Bb4  1-0

[Event "XVII Torre Mem KO"]
[Site "Yucatan MEX"]
[Date "2004.12.18"]
[Round "2.3"]
[White "Tiviakov,S"]
[Black "Ivanchuk,V"]
[Result "0-1"]
[WhiteElo "2617"]
[BlackElo "2705"]

1.e4 e5 2.Bc4 Nf6 3.d3 Bc5 4.Nf3 O-O 5.Bg5 d6 6.Nbd2 Be6 7.c3 Nbd7 8.b4 Bb6
9.Bxe6 fxe6 10.Nc4 h6 11.Bd2 d5 12.Nxb6 axb6 13.Qe2 c6 14.O-O Qc7 15.Ne1 b5
16.Nc2 dxe4 17.dxe4 Nb6 18.Rfd1 Ra4 19.f3 Rfa8 20.a3 Nc4 21.Bc1 Nd7 22.Rb1 Ndb6
23.Rd3 Kh7 24.h3 Rd8 25.Ra1 Rda8 26.Rd1 R4a6 27.Qe1 Rd8 28.Be3 Rxd1 29.Rxd1 Nb2
30.Rb1 N6c4 31.Qe2 Ra8 32.Bf2 Rd8 33.Be1 Rd3 34.Na1 Re3 35.Qc2 Nd3 36.Bf2 Nxa3
37.Qd2 Nc4 38.Qxe3 Nxe3 39.Bxe3 Qc8 40.Nb3 b6 41.Bxb6 Qa6 42.Be3 Qa2 43.Nd2 Qc2
44.Kh2 Qxc3 45.Nf1 Qc2 46.Ra1 Nxb4 47.Rc1  0-1

[Event "XVII Torre Mem KO"]
[Site "Yucatan MEX"]
[Date "2004.12.18"]
[Round "2.4"]
[White "Ivanchuk,V"]
[Black "Tiviakov,S"]
[Result "1-0"]
[WhiteElo "2705"]
[BlackElo "2617"]

1.d4 Nf6 2.c4 e6 3.Nf3 b6 4.g3 Bb7 5.Bg2 Be7 6.Nc3 Na6 7.O-O O-O 8.Bf4 c5
9.d5 d6 10.e4 Nc7 11.Re1 e5 12.Bd2 a6 13.Bf1 Bc8 14.Rb1 Rb8 15.b4 cxb4 16.Rxb4 Nd7
17.Qb1 Na8 18.Na4 Qc7 19.Be3 Rb7 20.Nd2 Nc5 21.Nxc5 bxc5 22.Rxb7 Bxb7 23.Bh3 Bc8
24.Bxc8 Rxc8 25.Qc2 Nb6 26.Rb1 Bd8 27.h4 Qd7 28.Kg2 g6 29.Bg5 f6 30.Bxf6 Bxf6
31.Rxb6 Rf8 32.Nf3 a5 33.Rb5 Bd8 34.Nh2 Kg7 35.a4 Rf7 36.Qe2 h5 37.Qe3 Qe8
38.Nf3 Qf8 39.Qb3 g5 40.hxg5 h4 41.Rb7 Bc7 42.gxh4 Qc8 43.Nh2 Rf4 44.Qb6 Rf7
45.Qc6 Kg6 46.f3 Kh5 47.Kg3  1-0

[Event "XVII Torre Mem KO"]
[Site "Yucatan MEX"]
[Date "2004.12.18"]
[Round "2.1"]
[White "Tiviakov,S"]
[Black "Ivanchuk,V"]
[Result "1/2-1/2"]
[WhiteElo "2617"]
[BlackElo "2705"]

1.e4 e5 2.Bc4 Nf6 3.d3 Bc5 4.Nf3 d6 5.c3 Bb6 6.Nbd2 O-O 7.Bb3 Be6 8.Nc4 Nbd7
9.Bc2 Bxc4 10.dxc4 a5 11.Qe2 a4 12.Nh4 g6 13.Bh6 Re8 14.g3 Qe7 15.h3 c6 16.Rd1 Bc7
17.O-O Qe6 18.Kh2 Nb6 19.Bd3 Nfd7 20.Be3 Nc5 21.Bxc5 dxc5 22.Ng2 Nd7 23.Ne3 Nf6
24.Rd2 h5 25.h4 Bd6 26.Rfd1 Bf8 27.f3 Red8 28.Qe1 Bh6 29.Bf1 Rxd2+ 30.Rxd2 Qe7
31.Bh3 Rd8 32.Qd1 Rxd2+ 33.Qxd2 Ne8 34.Qe2 Nd6 35.b3 Qc7 36.Qd3 Kf8 37.Nd1 Ke7
38.Bf1 Qa5 39.Qb1 axb3 40.axb3 g5 41.Qc1 Qa2+ 42.Qb2 Qxb2+ 43.Nxb2 gxh4 44.gxh4 Bd2
45.Na4 Be3 46.Kh3 Ne8 47.Nb2 Ng7 48.Nd3 Kd6 49.Be2 Bd2 50.b4 Ne6 51.f4 Nxf4+
52.Nxf4 exf4 53.Bxh5 Bxc3 54.bxc5+ Kxc5 55.Bxf7 Kd4 56.Kg2 Kxe4 57.h5 Bg7
58.Kf2 Bh6 59.Be6 Kd4 60.Ke2 Bg5 61.Bc8 b5 62.cxb5 cxb5 63.Kd2 b4 64.Kc2 f3
65.Kb3 f2 66.Ba6 Kc5 67.Bf1 Bh6 68.Be2 Bf8 69.Bf1 Kd5  1/2-1/2

[Event "XVII Torre Mem KO"]
[Site "Yucatan MEX"]
[Date "2004.12.19"]
[Round "3.2"]
[White "Quezada,Y"]
[Black "Ivanchuk,V"]
[Result "0-1"]
[WhiteElo "2513"]
[BlackElo "2705"]

1.e4 e5 2.Nf3 Nc6 3.Bb5 Nf6 4.d3 d6 5.c3 g6 6.O-O Bg7 7.h3 O-O 8.Be3 Bd7
9.Ba4 Qe8 10.Nbd2 Nh5 11.g4 Nf6 12.Nh2 Nd8 13.Bb3 Ne6 14.d4 Qe7 15.Bc2 h5
16.Ndf3 hxg4 17.hxg4 exd4 18.cxd4 d5 19.e5 Ne4 20.Bb3 c6 21.Nd2 c5 22.f4 cxd4
23.Nxe4 dxe3 24.Qxd5 e2 25.Rf2 Bc6 26.Qc4 Nxf4 27.Rxf4 Bxe5 28.g5 Bxf4 29.Nf6+ Qxf6  0-1

[Event "XVII Torre Mem KO"]
[Site "Yucatan MEX"]
[Date "2004.12.20"]
[Round "4.1"]
[White "Ivanchuk,V"]
[Black "Graf,A"]
[Result "1-0"]
[WhiteElo "2705"]
[BlackElo "2646"]

1.e4 e5 2.Nf3 Nc6 3.Bb5 a6 4.Ba4 Nf6 5.O-O Be7 6.Re1 b5 7.Bb3 d6 8.c3 O-O
9.h3 Na5 10.Bc2 c5 11.d4 Qc7 12.Nbd2 Rd8 13.b3 Bd7 14.Nf1 Nc6 15.d5 Nb8 16.a4 Ra7
17.b4 c4 18.Be3 Rb7 19.axb5 axb5 20.g4 Rf8 21.Ng3 Bc8 22.Qd2 Bd8 23.Nf5 Ne8
24.Kh1 Nd7 25.Ng5 Nb6 26.f4 exf4 27.Bxf4 Bxf5 28.exf5 Nf6 29.Bg3 h6 30.Nf3 Be7
31.Ra5 Nbxd5 32.h4 Nxc3 33.Qxc3 Nxg4 34.Ra6 Qd7 35.Qd4 h5 36.Bxd6 Bf6 37.Qd5 Rd8
38.Ng5 Ra7 39.Rb6 Re8 40.Ne4 Bc3 41.Re2 Qd8 42.f6 Qxb6 43.Bc5 Ra1+ 44.Kg2 Qd8
45.Qxd8 Rxd8 46.Nxc3 Nxf6 47.Nxb5 Nd5 48.Kg3 Ra2 49.Bh7+ Kxh7 50.Rxa2 f6
51.Rd2 Rd7 52.Rd4 f5 53.Nc3 Nf6 54.Rxd7 Nxd7 55.Kf4 g6 56.Bd4 Kg8 57.b5 Kf7
58.b6 Ke6 59.Kg5  1-0

[Event "XVII Torre Mem KO"]
[Site "Yucatan MEX"]
[Date "2004.12.20"]
[Round "4.2"]
[White "Graf,A"]
[Black "Ivanchuk,V"]
[Result "0-1"]
[WhiteElo "2646"]
[BlackElo "2705"]

1.d4 Nf6 2.c4 g6 3.f3 d5 4.cxd5 Nxd5 5.e4 Nb6 6.Nc3 Bg7 7.Be3 O-O 8.f4 Nc6
9.Nf3 Bg4 10.e5 Bxf3 11.Qxf3 Nxd4 12.Qe4 c5 13.Rd1 Qc7 14.g3 f5 15.Qg2 Rfd8
16.Qf2 e6 17.Bg2 Nc4 18.Bc1 Rd7 19.O-O Rad8 20.b3 Qa5 21.Na4 Bf8 22.Kh1 b5
23.bxc4 Qxa4 24.cxb5 c4 25.Be3 c3 26.Rd3 Qc4 27.Rxd4 Rxd4 28.Bxd4 Rxd4 29.Rc1 Ba3
30.Bf1 Qd5+ 31.Bg2 Rd1+  0-1

[Event "TCh-BEL 2004-5"]
[Site "Belgium BEL"]
[Date "2005.01.30"]
[Round "8"]
[White "Ivanchuk,V"]
[Black "Chuchelov,V"]
[Result "1-0"]
[WhiteElo "2711"]
[BlackElo "2571"]

1.d4 Nf6 2.c4 e6 3.Nf3 b6 4.a3 Ba6 5.Qc2 Bb7 6.Nc3 c5 7.dxc5 Bxc5 8.Bf4 Nc6
9.Rd1 Rc8 10.e4 Ne7 11.h3 Ng6 12.Bh2 O-O 13.Be2 d5 14.O-O Qe8 15.cxd5 exd5
16.Bb5 Qe7 17.exd5 Rfd8 18.Rfe1 Qf8 19.Qb3 Bd6 20.Bxd6 Qxd6 21.Qa4 a6 22.Bc6 b5
23.Qa5 Qc7 24.Qxc7 Rxc7 25.Nd4 Bxc6 26.dxc6 Re7 27.Rxe7 Nxe7 28.c7 Rd7 29.Nc6 Rxd1+
30.Nxd1 Nc8 31.Nc3 Ne8 32.Nd5 Ned6 33.Ndb4 Kf8 34.b3 a5 35.Nxa5 Ke7 36.Nac6+ Kd7
37.Nd4 Kxc7 38.Nd5+ Kd7 39.Nc3 Na7 40.Kf1 Kc7 41.Ke2 Kb6 42.Kd3 Kc5 43.g4 Nac8
44.f4 g6 45.g5 Ne7 46.Ne4+  1-0

[Event "Aeroflot Open"]
[Site "Moscow RUS"]
[Date "2005.02.17"]
[Round "3"]
[White "Ivanchuk,V"]
[Black "Volkov,S1"]
[Result "1-0"]
[WhiteElo "2711"]
[BlackElo "2612"]

1.e4 e6 2.d4 d5 3.Nc3 Nf6 4.Bg5 Bb4 5.Ne2 dxe4 6.a3 Be7 7.Bxf6 Bxf6 8.Nxe4 Bd7
9.g3 Bc6 10.Bg2 Bxe4 11.Bxe4 c6 12.c3 Nd7 13.Qc2 Qb6 14.O-O g6 15.Rad1 Bg7
16.h4 Nf6 17.Bf3 h6 18.Nf4 g5 19.hxg5 hxg5 20.Nd3 Nd7 21.b4 Qc7 22.Rfe1 Bf6
23.b5 cxb5 24.d5 O-O-O 25.dxe6 fxe6 26.Rxe6 Bd4 27.Kg2 g4 28.Bxg4 Kb8 29.Nb4 Ne5
30.Rxd4 Rxd4 31.cxd4 Nxg4 32.Qxc7+ Kxc7 33.Rg6 Nh6 34.Rg7+ Kb6 35.g4 a5 36.Nd5+ Kc6
37.Ne7+ Kc7 38.g5 Ng4 39.Kg3 Rh2 40.Nf5+ Kc6 41.Ne3 b4 42.axb4 axb4 43.d5+ Kb6
44.d6 b3 45.d7 b2 46.Nc4+ Kc6 47.Nxb2  1-0

[Event "Capablanca Mem Elite"]
[Site "Havana CUB"]
[Date "2005.05.09"]
[Round "4"]
[White "Ivanchuk,V"]
[Black "Nogueiras,J"]
[Result "1-0"]
[WhiteElo "2739"]
[BlackElo "2533"]

1.d4 d5 2.c4 c6 3.Nf3 Nf6 4.Nc3 dxc4 5.a4 Bf5 6.Ne5 Nbd7 7.Nxc4 Nb6 8.Ne5 a5
9.g3 e6 10.Bg2 Bb4 11.O-O O-O 12.e3 h6 13.Qe2 Bh7 14.Rd1 Nfd7 15.Nxd7 Nxd7
16.e4 Qe7 17.Be3 Rfe8 18.h3 Nf6 19.Bf4 Nd7 20.Be3 Nf6 21.f3 Nd7 22.g4 Kh8
23.f4 f6 24.Na2 Bd6 25.Rd2 Rad8 26.Rad1 Bc7 27.Nc3 Qb4 28.Rd3 Qe7 29.Qc2 Nf8
30.Qf2 g5 31.f5 exf5 32.exf5 Nd7 33.d5 Ne5 34.Bc5 Qf7 35.R3d2 Nc4 36.d6 Bb8
37.d7 Rg8 38.Rd4 Ne5 39.Qd2 Rg7 40.Ne4 Rxd7 41.Qxa5 Rg8 42.Qb4 Rxd4 43.Rxd4 Re8
44.Nd6 Bxd6 45.Bxd6 Bg8 46.Re4 Kg7 47.a5 Qd7 48.Rd4 Qc8 49.Qc3 Bf7 50.b4 h5
51.Kf2 hxg4 52.hxg4 Qa8 53.Re4 Nd7 54.Rxe8 Qxe8 55.b5 cxb5 56.Bxb7 Bc4 57.Qe3 Ne5
58.Bxe5  1-0

[Event "Capablanca Mem Elite"]
[Site "Havana CUB"]
[Date "2005.05.10"]
[Round "5"]
[White "Arencibia,W"]
[Black "Ivanchuk,V"]
[Result "0-1"]
[WhiteElo "2530"]
[BlackElo "2739"]

1.d4 d5 2.c4 c6 3.Nf3 Nf6 4.e3 Bf5 5.Nc3 e6 6.Bd3 Bg6 7.O-O Nbd7 8.Qe2 Bb4
9.Bd2 a5 10.a3 Bxc3 11.Bxc3 O-O 12.Bxg6 hxg6 13.Nd2 a4 14.f3 Re8 15.e4 e5
16.cxd5 Nxd5 17.Rfd1 Nxc3 18.bxc3 b5 19.Nf1 Qe7 20.Qb2 Nb6 21.Ne3 f5 22.Qa2+ Kh7
23.exf5 exd4 24.Nf1 Nd5 25.Re1 Qxe1 26.Rxe1 Rxe1 27.Qf2 Rae8 28.Qxd4 Kg8
29.fxg6 Ne3 30.h3 Rxf1+ 31.Kh2 Rd1 32.Qh4 Nf1+ 33.Kg1 Ne3+ 34.Kh2 Nf1+ 35.Kg1 Re2
36.Qh7+ Kf8 37.Qh8+ Ke7 38.Qxg7+ Kd6 39.Qf6+ Kc7 40.Qf7+ Kb6  0-1

[Event "6th EICC"]
[Site "Warsaw POL"]
[Date "2005.06.23"]
[Round "6"]
[White "Ivanchuk,V"]
[Black "Tiviakov,S"]
[Result "1/2-1/2"]
[WhiteElo "2739"]
[BlackElo "2631"]

1.e4 c5 2.Nf3 Nc6 3.d4 cxd4 4.Nxd4 g6 5.c4 Nf6 6.Nc3 d6 7.Be2 Bg7 8.Be3 O-O
9.O-O Nxd4 10.Bxd4 Bd7 11.Qd2 Bc6 12.f3 a5 13.b3 Nd7 14.Bf2 Nc5 15.Rab1 Qb8
16.Rfd1 Rc8 17.Rbc1 b6 18.Bd4 Bxd4+ 19.Qxd4 Qb7 20.Nd5 Re8 21.f4 Bxd5 22.exd5 Nd7  1/2-1/2

[Event "6th EICC"]
[Site "Warsaw POL"]
[Date "2005.06.25"]
[Round "7"]
[White "Volkov,S1"]
[Black "Ivanchuk,V"]
[Result "1/2-1/2"]
[WhiteElo "2634"]
[BlackElo "2739"]

1.d4 d5 2.c4 e6 3.Nc3 Be7 4.cxd5 exd5 5.Bf4 c6 6.Qc2 g6 7.e3 Bf5 8.Bd3 Bxd3
9.Qxd3 Nf6 10.Nge2 Na6 11.O-O Nc7 12.h3 Ne6 13.Be5 O-O 14.Rad1 Nd7 15.Bh2 Nb6
16.b3 Bd6 17.Be5 Bb4 18.Kh1 Qe7 19.Rc1 Rfe8 20.Bh2 a5 21.Rc2 Ng5 22.a4 Ne4
23.Kg1 Qd7 24.Na2 Bf8 25.Qd1 h5 26.Nac1 Qf5 27.Nd3 Nd7 28.Kh1 Rac8 29.f3 Nef6
30.Ne5 Bb4 31.g4 hxg4 32.hxg4 Qe6 33.Nf4 Qe7 34.Nfd3 Bd6 35.Qe1 Bc7 36.Rcf2 Nf8
37.Kg2 N6h7 38.Nf4 g5 39.Nh5 f6 40.Nd3 Qxe3 41.Qc3 Bb6 42.Qc2 Bxd4 43.Rd2 Qe7
44.Ng3 Ng6 45.Nf5 Nh4+ 46.Nxh4 gxh4 47.Nf4 Be3 48.Re2 Qf7 49.Ng6 h3+ 50.Kh1 d4
51.Nh4 Rcd8 52.Qd3 Rd5 53.Nf5 Qd7 54.Rfe1 Re6 55.Bg1 Ng5 56.Nxe3 dxe3 57.Qg6+ Qg7
58.Qxg7+ Kxg7 59.f4 Nf3 60.Rxe3 Nxe1 61.Rxe6 Rd1 62.Re3 Nd3 63.Rf3 b5 64.Kh2 bxa4
65.bxa4 c5 66.g5 fxg5 67.fxg5 c4 68.Bb6 Kg6 69.Bxa5 Kxg5 70.Kxh3 Kg6 71.Bc3 Rc1
72.Bd4 Rc2 73.Kg4 Rg2+ 74.Rg3 Ra2 75.Kf3+ Kf5 76.Ke3 Nf4 77.Bc3 Re2+ 78.Kd4 Re4+
79.Kc5 Ne2 80.Rh3 Kg4 81.Kd5 Re8 82.Rh2 Nxc3+ 83.Kxc4 Nxa4 84.Rf2 Re4+ 85.Kd5 Nc3+
86.Kc5 Ne2 87.Kd5 Re8 88.Rg2+ Kf5 89.Rh2 Nf4+ 90.Kc6 Re6+ 91.Kc5 Ke4 92.Rh1 Nd3+
93.Kb5 Rg6 94.Rh4+ Kd5 95.Rh5+ Ne5 96.Rh1 Nf3 97.Rh5+ Kd4 98.Rh8 Rg5+ 99.Kb4 Kd3
100.Rh3 Ke4 101.Rh8 Rd5 102.Rh1 Rg5 103.Rh8 Nd2 104.Re8+ Kd3 105.Rd8+ Ke3
106.Re8+ Ne4 107.Rh8 Rc5 108.Rh1 Rc2 109.Re1+ Kd4 110.Rd1+ Nd2 111.Kb5 Ke5
112.Kb4 Kd5 113.Rh1 Nf3 114.Rh5+ Kd4 115.Kb5 Rb2+ 116.Kc6 Ne5+ 117.Kc7 Kd5
118.Rh1 Rc2+ 119.Kb7 Nf7 120.Kb6 Rc6+ 121.Kb5 Nd6+ 122.Kb4 Rb6+ 123.Kc3 Ne4+
124.Kc2 Kd4 125.Rh8 Ke5  1/2-1/2

[Event "6th EICC Playoff"]
[Site "Warsaw POL"]
[Date "2005.07.02"]
[Round "1.1"]
[White "Ivanchuk,V"]
[Black "Asrian,K"]
[Result "1-0"]
[WhiteElo "2739"]
[BlackElo "2611"]

1.c4 e6 2.g3 d5 3.Bg2 Nf6 4.Nf3 Be7 5.O-O O-O 6.b3 a5 7.Bb2 a4 8.Na3 c6 9.d3 Nbd7
10.Qc2 Bb4 11.Rfc1 h6 12.Qd1 Re8 13.Nc2 Bf8 14.b4 e5 15.a3 b5 16.c5 Qc7 17.Nd2 g6
18.e4 d4 19.Qe2 Bg7 20.Rf1 Nf8 21.Rae1 h5 22.f4 exf4 23.Bxd4 Ne6 24.Bxf6 Bxf6
25.e5 Bg5 26.d4 fxg3 27.hxg3 Bxd2 28.Qxd2 Ng7 29.d5 cxd5 30.Bxd5 Be6 31.Bxa8 Rxa8
32.Qd6 Qc8 33.Nd4 Bc4 34.e6 fxe6 35.Nc6 Qe8 36.Rf6 Kh7 37.Ne5 Rd8 38.Qc7 Rc8
39.Qf7 Qxf7 40.Rxf7 Kh6 41.Rf6 Nf5 42.Rxg6+ Kh7 43.Rd1 Bd5 44.Rg5 Kh6 45.Rxf5  1-0

[Event "6th EICC Playoff"]
[Site "Warsaw POL"]
[Date "2005.07.02"]
[Round "2.1"]
[White "Aronian,L"]
[Black "Ivanchuk,V"]
[Result "1-0"]
[WhiteElo "2693"]
[BlackElo "2739"]

1.d4 Nf6 2.c4 e6 3.g3 c5 4.Nf3 cxd4 5.Nxd4 Qc7 6.Nc3 a6 7.b3 d5 8.Bg2 Bb4
9.Bd2 dxc4 10.O-O Bc5 11.Bg5 Nbd7 12.Rc1 Nb6 13.Bxf6 gxf6 14.Ne4 Ke7 15.e3 Rd8
16.Nxc5 Qxc5 17.bxc4 Rb8 18.Qc2 Bd7 19.Qxh7 Nxc4 20.Nb3 Qc7 21.Qh4 b5 22.Nd2 Rbc8
23.Ne4 Qe5 24.f4 Qb2 25.Rc3 Bc6 26.Qxf6+ Kf8 27.f5 exf5 28.Qh8+ Ke7 29.Qf6+ Kf8
30.Rxf5 Rd1+ 31.Bf1 Rc7 32.Qh6+ Ke7 33.Qf6+ Kf8 34.Qh8+ Ke7 35.Re5+ Nxe5
36.Qxe5+ Kf8 37.Qh8+ Ke7 38.Qe5+ Kf8 39.Qxc7 Rxf1+ 40.Kxf1 Qb1+ 41.Ke2 Bxe4
42.Qd8+ Kg7 43.Qd4+ f6 44.Rb3 Qh1 45.Kd2 Qxh2+ 46.Kc3 Qc2+ 47.Kb4 Qxa2 48.Ra3 Qe6
49.Rc3 Bd5 50.Rc5 Be4 51.g4 Qxg4 52.Rc6 Bf3 53.Rxa6 Qf5 54.Rb6 Qb1+ 55.Kc5 Qf5+
56.Kd6 Kf7 57.Kc7 Qc2+ 58.Kd8 Qf5 59.Qd6 Qd5 60.Qxd5+ Bxd5 61.Rxb5 Ke6 62.Rb6+ Ke5
63.Rb4 Ke6 64.Ke8 Kf5 65.Ke7 Kg6  1-0

[Event "Canadian Open"]
[Site "Edmonton CAN"]
[Date "2005.07.10"]
[Round "2"]
[White "Ivanchuk,V"]
[Black "Sladek,Va"]
[Result "1-0"]
[WhiteElo "2752"]
[BlackElo "2058"]

1.e4 c5 2.Nf3 e6 3.d4 cxd4 4.Nxd4 a6 5.Bd3 Qc7 6.O-O Nf6 7.Qe2 d6 8.c4 Be7
9.Nc3 Nbd7 10.f4 h5 11.Bd2 b6 12.b4 Bb7 13.f5 e5 14.Nb3 a5 15.a3 axb4 16.axb4 Rxa1
17.Nxa1 Qb8 18.Nc2 Qa8 19.Ra1 Qb8 20.Na3 Bc6 21.Nab5 h4 22.Be3 Nh5 23.Nd5 Bxd5
24.exd5 Nf4 25.Bxf4 exf4 26.f6 gxf6 27.Ra8  1-0

[Event "Canadian Open"]
[Site "Edmonton CAN"]
[Date "2005.07.11"]
[Round "3"]
[White "Mohota,N"]
[Black "Ivanchuk,V"]
[Result "0-1"]
[WhiteElo "2303"]
[BlackElo "2752"]

1.d4 Nf6 2.c4 g6 3.Nc3 Bg7 4.e4 d6 5.f3 O-O 6.Nge2 c5 7.Be3 Qa5 8.Qa4 Qxa4
9.Nxa4 b6 10.O-O-O Nc6 11.Nac3 Rd8 12.d5 Ne5 13.b3 e6 14.Kc2 exd5 15.cxd5 a6
16.f4 Ned7 17.h3 Re8 18.Ng3 b5 19.e5 dxe5 20.fxe5 Rxe5 21.Bf4 Re8 22.Be2 h5
23.h4 Ne5 24.Rhe1 Bd7 25.Kc1 c4 26.bxc4 Rac8 27.Bxe5 Rxe5 28.Bf1 Ng4 29.Nge4 bxc4
30.g3 f5  0-1

[Event "Canadian Open"]
[Site "Edmonton CAN"]
[Date "2005.07.14"]
[Round "6"]
[White "Ivanchuk,V"]
[Black "Quan Zhe"]
[Result "1-0"]
[WhiteElo "2752"]
[BlackElo "2382"]

1.e4 c5 2.Nf3 d6 3.d4 cxd4 4.Nxd4 Nf6 5.Nc3 a6 6.Bg5 e6 7.f4 Be7 8.Qf3 Qc7
9.O-O-O Nbd7 10.Bd3 h6 11.Bh4 g5 12.fxg5 Ne5 13.Qe2 Nfg4 14.Nf3 hxg5 15.Bg3 Bd7
16.h3 Nf6 17.Nxe5 dxe5 18.Bf2 Bc6 19.Rhf1 Nh5 20.g3 O-O-O 21.Kb1 Ng7 22.Be3 f5
23.Qf2 Rdf8 24.Bb6 Qb8 25.Bc4 f4 26.Rd3 Bd8 27.Bc5 Qc7 28.Bd6 Qb6 29.Qe2 Bf6
30.Qg4 Re8 31.Nd5 Bxd5 32.Bxd5 Qb5 33.Rfd1  1-0